01295njm a2200265Ia 450000100060000000300090000600500170001500800410003204000130007304000130008604100130009910000110011210000180012310000380014124500320017925000110021126000110022226000400023330000100027330000230028350001990030650504250050565000460093070000530097620841IT-RoPAU20220918181112.0131025s9999 xx 000 0 und d aIT-RoPAU cIT-RoPAU aITALIANO aAA.VV. eAutore musica gCodice autore musica SPICS: 12000 aItalia vol. 2 (Lp Vpa 8088) a1a ed. aMILANO bVEDETTE RECORDSc1970 [1a Ed.:1970] aDISCO c (Testo: 16 pag.) aDocumenti originali del folklore musicale europeo. Antologia documentaria e critica ordinata e commentata da Roberto Leydi; la canzone narrativa, improvvisatori. contastorie. Spettacolo popolare aCattivo custode (Liguria) - Moran d'Inghilterra (Piemonte) - Potere del canto (Piemonte) - La monaca per forza (Lombardia) - Francesco e Giovanni (Basilicata) A principessa di Carini (Sicilia) - La tragedia di Mattmark (Lombardia) - La storia di Pedro Taurmina (Sicilia) - Il pianto delle zitelle (Lazio) - Demofonte (Toscana) - Contrasto fra America e Russia (Toscana) - Il combattimento di Orlando e Rinaldo (Sicilia) aFOLK [DISCHI]eCodice MATERIA SPICS: 9950 aLeydi RobertoeAutoregCodice autore SPICS: 4644